[Event "IECC CL5-2011.14 email"]
[Site "IECC email"]
[Date "2011.09.25"]
[Round "?"]
[White "D'Aragona, Vittoria"]
[Black "John, Sherin"]
[Result "0-1"]
[WhiteElo "1361"]
[BlackElo "1515"]
[PlyCount "20"]
[EventDate "2011.??.??"]
[EventType "tourn (corr)"]
[EventRounds "4"]
[SourceTitle "Corr 2015"]
[Source "ChessBase"]
[SourceDate "2015.07.17"]
[SourceVersion "1"]
[SourceVersionDate "2015.07.17"]
[SourceQuality "1"]
[WhiteTeam "Italy"]
[BlackTeam "US of America"]
[WhiteTeamCountry "ITA"]
[BlackTeamCountry "USA"]

1. e4 e5 2. Nf3 Nc6 3. d4 exd4 4. Bc4 h6 5. Nxd4 Nxd4 6. Qxd4 d6 7. 0-0 Nf6 8. e5 dxe5 9. Bxf7+ Ke7 10. Qb4+ Kxf7 0-1

[Event "Kalamazoo op"]
[Site "Kalamazoo"]
[Date "2003.10.25"]
[Round "2.26"]
[White "John, Sherin"]
[Black "Carter, Ashley"]
[Result "0-1"]
[WhiteElo "584"]
[BlackElo "1293"]
[PlyCount "48"]
[EventDate "2003.10.25"]
[EventType "swiss"]
[EventRounds "5"]
[EventCountry "USA"]
[SourceTitle "EXT 2007"]
[Source "ChessBase"]
[SourceDate "2006.11.23"]
[SourceVersion "1"]
[SourceVersionDate "2006.11.23"]
[SourceQuality "1"]

1. e4 d6 2. Nf3 Nf6 3. Bc4 Nxe4 4. d3 Nf6 5. 0-0 g6 6. Ng5 d5 7. Bb3 Bg7 8. Ba4+ c6 9. Bf4 Nh5 10. Bxb8 Rxb8 11. Re1 Bxb2 12. Qf3 Nf6 13. Nd2 Bxa1 14. Rxa1 h6 15. Nh3 Qa5 16. Nb3 Qxa4 17. Qe3 Bxh3 18. gxh3 Nh5 19. Qe5 0-0 20. Nc5 Qf4 21. Qxe7 Rfe8 22. Qd7 Qg5+ 23. Kf1 Nf4 24. Nxb7 Qg2# 0-1

[Event "Kalamazoo op"]
[Site "Kalamazoo"]
[Date "2003.10.25"]
[Round "1.34"]
[White "Vriesman, Michael"]
[Black "John, Sherin"]
[Result "1-0"]
[WhiteElo "988"]
[BlackElo "584"]
[PlyCount "51"]
[EventDate "2003.10.25"]
[EventType "swiss"]
[EventRounds "5"]
[EventCountry "USA"]
[SourceTitle "EXT 2007"]
[Source "ChessBase"]
[SourceDate "2006.11.23"]
[SourceVersion "1"]
[SourceVersionDate "2006.11.23"]
[SourceQuality "1"]

1. d4 d5 2. Nf3 Nf6 3. e3 Bg4 4. Bd3 Nc6 5. Nbd2 e6 6. 0-0 Qd6 7. e4 dxe4 8. Nxe4 Nxe4 9. Bxe4 Nb4 10. Qd2 0-0-0 11. c3 e5 12. Nxe5 f5 13. Nf7 Qg6 14. Nxh8 Qf6 15. Bxf5+ Bxf5 16. cxb4 Bd6 17. h3 Rxh8 18. Qg5 Qxd4 19. Qxf5+ Kd8 20. Bg5+ Be7 21. Rfd1 c5 22. Rxd4+ cxd4 23. Qd5+ Ke8 24. Re1 d3 25. Rxe7+ Kf8 26. Qd8# 1-0